Rusticatio mexicana (Registro nro. 324939)

Detalles MARC
000 -ENCABEZADO
Número de control [NR] 00923nam a22002417a 4500
005 - FECHA Y HORA DE LA ÚLTIMA TRANSACCIÓN
control field 20241016102534.0
008 - DE LONGITUD FIJA DE DATOS DE ELEMENTOS - INFORMACIÓN GENERAL
Elementos de longitud fija [NR] 241016b ||||| |||| 00| 0 eng d
020 ## - NUMERO INTERNACIONAL NORMALIZADO PARA LIBROS [R]
Número Internacional Normalizado del libro [NR] 9992267119
040 ## - FUENTE DE CATALOGACION [NR]
Agencia de catalogación original [NR] CO-BoUCM
Quien Cataloga David Moreno
Quien Clasifica David Moreno
041 ## - CODIGO DE IDIOMA [R]
Código de idioma para texto/pista de sonido o título separado [R] Español
100 1# - ASIENTO PRINCIPAL--NOMBRE PERSONAL [NR]
Nombre personal [NR] Landívar, Rafael
Fechas asociadas con el nombre [NR] 1731-1793
ID Autoridad 183526
245 10 - MENCION DE TITULO [NR]
Título [NR] Rusticatio mexicana
Mención de responsabilidad, etc. [NR] Rafael Landivar
250 ## - MENCION DE EDICION [NR]
Mención de edición [NR] 2a. Ed
260 ## - PUBLICACION, DISTRIBUCION, ETC. (PIE DE IMPRENTA) [R]
Lugar de publicación, distribución, etc. [R] Guatemala
Nombre del editor, distribuidor, etc. [R] Universidad Rafael Landívar
Fecha de publicación, distribución, etc. [R] 2001
300 ## - DESCRIPCION FISICA [R]
Extensión [R] 112 páginas, 2 páginas sin numerar, xxviii, 209 páginas, 2 páginas sin numerar, 3 hojas de láminas sin numerar
Otros detalles físicos [NR] ilustraciones
490 ## - MENCION DE SERIE [R]
Mención de serie [R] Editorial Universitaria, no. 6
504 ## - NOTA DE BIBLIOGRAFIA, ETC. [R]
Nota de bibliografía, etc. [NR] Incluye referencias bibliográficas
650 14 - ASIENTO SECUNDARIO DE MATERIA - TERMINO TEMATICO [R]
Término temático o nombre geográfico como elemento de entrada [NR] Poesia guatemalteca
9 (RLIN) 21814
650 14 - ASIENTO SECUNDARIO DE MATERIA - TERMINO TEMATICO [R]
Término temático o nombre geográfico como elemento de entrada [NR] Literatura guatemalteca
9 (RLIN) 18664
700 1# - ASIENTO SECUNDARIO - NOMBRE PERSONAL [R]
Nombre personal [NR] Chamorro González, Faustino
9 (RLIN) 183527
942 ## - ELEMENTOS DE ENTRADA AGREGADOS (KOHA)
Sistema de clasificación DEWEY
Tema principal Literatura
Tipo de ítem principal el descrito en 300a Libro
Edición 1
Clasificación 861
Parte restante de la signatura top. L257r
Título oculto en OPAC No
Existencias
Total préstamos Signatura topográfica Código de barras Última vez visto Ejemplar Costo de reposición Price effective from Tipo de ítem Perdido Sistema de clasificación Dañado No prestable Tipo de ítem específico Suprimido Ubicación habitual Ubicación actual Localización Fecha de creación Forma de adquisición
  861 L257r 100172778 09/12/2025 Ej.1 26000.00 16/10/2024 Libro   DEWEY     Libro   Claustro Claustro 2do piso 16/10/2024 Donación